00401nam a22001337a 4500008004100000040005500041080001800096100001700114245003800131260004800169300001500217650001400232653002100246230522b |||||||| |||| 00| 0 eng d aNational Science LibrarycNational Science Library a581.9:582bK5 aGood, Ronald aGeography of the flowering plants aLondon: bLongmans Green and Co Ltd, c1964 axvi, 518p. aGeography aFlowering plants